000 00530nam a2200169Ia 4500
003 GCL
008 140319s9999 xx 000 0 ara d
040 _aGCL /
_cGCL
082 0 4 _a953.072
_bا ا
100 1 _aابراهيم القادرى
245 1 0 _aالاسلام السرى فى المغرب العربى /
_cابراهيم القادرى
300 _a246 ص
490 _aالهيئة العامة للاستعلامات
_v0
650 0 4 _aالاندلس
650 0 4 _aالتاريخ الاسلامى
942 _2ddc
_cBK
999 _c47958
_d47958